Widok standardowy
Widok MARC
Pozycja Personal Name
Liczba rekordów, w których użyto hasła: 1
001 - Numer kontrolny
- control field: 39555
003 - Identyfikator numeru kontrolnego
- control field: NUKAT
005 - Data i czas ostatniej modyfikacji
- control field: 20260407140547.0
008 - Dane kontrolne kodowane (40 znaków)
- fixed length control field: 230816n||azznnbabn |a aaa |c
010 ## - Numer kontrolny Biblioteki Kongresu
- numer kontrolny LC: p 2023206186
035 ## - Numer systemowy
- numer systemowy: (PL)a1000001235912
040 ## - Instytucja sporządzająca rekord
- inst. przygot. dane do rek. khw: WA N
- język haseł przedmiotowych/tezaurus: DBN
- inst. wprow. rek. khw: WA N
043 ## - Kod obszaru geograficznego
- ISO code: PL
100 1# - Hasło - nazwa osobowa
- nazwa osobowa w formie ujednoliconej: Marczyński, Bronisław
370 ## - Associated place
- Country: Polska
372 ## - Field of activity
- Field: Oświata
375 ## - Gender
- Gender: 1
- Source of term: iso5218
377 ## - Assoc lang
- Lang code: pol
670 ## - Źródło informacji
- źródło informacji: Bronisław : naczelnik Wydziału Oświaty Rolniczej w Olsztynie / Dariusz Marczyński. - Olsztyn, [2023].